Gramática de la lengua española
Guardat en:
| Autor corporatiu: | |
|---|---|
| Format: | Llibre |
| Idioma: | espanyol |
| Publicat: |
Madrid
Perlado, Páez y Cía
1911
|
| Matèries: | |
| Etiquetes: |
Afegir etiqueta
Sense etiquetes, Sigues el primer a etiquetar aquest registre!
|
MARC
| LEADER | 00000nam a2200000 a 4500 | ||
|---|---|---|---|
| 001 | UCI5095 | ||
| 003 | CL-VaPUC | ||
| 008 | 080314e19110000SP |||||||||||||||||spa|d | ||
| 082 | 0 | 4 | |a 465 |b REA |2 21 |
| 110 | 2 | |a Real Academia Española |e author |9 527191 | |
| 245 | 1 | 0 | |a Gramática de la lengua española |
| 300 | |a 420 p | ||
| 942 | |c BK | ||
| 945 | |d 20080314 00:00:00 |a rbrito | ||
| 260 | |a Madrid |b Perlado, Páez y Cía |c 1911 | ||
| 500 | |a Donación Padres Capuchinos | ||
| 650 | 0 | |a Gramática española |9 403055 | |
| 650 | 0 | |a Español |9 255372 | |
| 650 | 0 | |a Sintaxis |9 318843 | |
| 650 | 0 | |a Prosodia |9 334439 | |
| 650 | 0 | |a Ortografía |9 309144 | |
| 583 | |a last modification |c 20080314 00:00:00 |k Rodrigo Vera | ||
| 999 | |c 328858 |d 328856 | ||
| 952 | |0 0 |1 0 |4 0 |6 465_000000000000000_REA_1911 |7 0 |8 X |9 413039 |a FDOBUD |b FDOBUD |d 2019-11-22 |i 4411447 |o 465 REA 1911 |p 4411447 |r 2019-11-22 |w 2019-11-22 |y BK_X |k BUD | ||